000 00960nam a2200253 i 4500
003 DO-SdBNP
005 20240409104426.0
007 ta
008 240409s1996 xxu 001 0dspa d
040 _aDO-SdBNP
_bspa
_cBNPHU
_erda
082 4 _a320.97293
_bC965v
_222
100 _aCuello H., José Israel
_eautor
_962270
245 1 4 _aEl viejo orden político :
_bsistema, actores y procesos, 3 de agosto de 1960-16 de agosto 1996 /
_cJosé Israel Cuello H.
264 _aSanto Domingo :
_bTaller,
_c1996
300 _a31 páginas :
_c22 cm.
336 _2rdacontent
_atexto
_btxt
337 _2rdamedia
_asin mediación
_bn
338 _2rdacarrier
_avolumen
_bnc
500 _aTexto de la exposición hecha el 8 de Agosto de 1996 a solicitud del periódico Hoy y de FLACSO dentro del tema: El debate sobre la transición
590 _aInventariado, 2024/ DG
650 4 _aRepública Dominicana
_98303
_xPolítica y gobierno
910 _aDG
942 _2ddc
_cLF2
999 _c56303
_d56303